| 000 | 00839nam a2200253Ia 4500 | ||
|---|---|---|---|
| 008 | 170203s9999 xx 000 0 und d | ||
| 020 | _a9712716627 | ||
| 050 | _aFic | ||
| 050 | _bB441p | ||
| 100 | _aBellen, Christine S. | ||
| 245 | _aAng prinsipe ng mga ibon / | ||
| 245 | _cmuling isinalaysay ni Christine S. Bellen ; iginuhit ni Francez C. Alcaraz = The prince of the birds / retold by Christine S. Bellen ; illustrated by Francez C. Alcaraz. | ||
| 260 | _aPasig City, Philippines : | ||
| 260 | _bAnvil, | ||
| 260 | _c©2005. | ||
| 300 | _a32 unnumbered pages : | ||
| 300 | _bcolor illustrations ; | ||
| 300 | _c23 cm. | ||
| 440 | _aKuwento ni Lola Basyang ni Severino Reyes. | ||
| 650 | _aBirds -- | ||
| 650 | _aRomance fiction. | ||
| 650 | _xJuvenile fiction. | ||
| 700 | _aPrince of the birds, other title. | ||
| 999 |
_c306588 _d306588 |
||